Jurisprudence and Legal Theory (Record no. 6387)

MARC details
000 -LEADER
fixed length control field 00411nam a22001817a 4500
005 - DATE AND TIME OF LATEST TRANSACTION
control field 20210904113208.0
008 - FIXED-LENGTH DATA ELEMENTS--GENERAL INFORMATION
fixed length control field 200521b xxu||||| |||| 00| 0 eng d
020 ## - INTERNATIONAL STANDARD BOOK NUMBER
ISBN 978938806303
041 ## - LANGUAGE CODE
Language code of text/sound track or separate title eng
082 ## - DEWEY DECIMAL CLASSIFICATION NUMBER
Classification number 340.1 MAH
100 ## - MAIN ENTRY--AUTHOR NAME
Personal name Mahajan's V.D
245 ## - TITLE STATEMENT
Title Jurisprudence and Legal Theory
250 ## - EDITION STATEMENT
Edition statement 5'th
260 ## - PUBLICATION, DISTRIBUTION, ETC. (IMPRINT)
Place of publication Lucknow
Name of publisher EBC
300 ## - PHYSICAL DESCRIPTION
Number of Pages 641p.
650 ## - SUBJECT ADDED ENTRY--TOPICAL TERM
Topical Term LAW
942 ## - ADDED ENTRY ELEMENTS (KOHA)
Koha item type Books
Holdings
Lost status Damaged status Collection code Home library Current library Shelving location Date acquired Source of acquisition Cost, normal purchase price Full call number Accession Number Koha item type
    LAW JRU Library JRU Library SHELF-30-B 02/06/2020 PURCHASE 545.00 340.1 MAH 24211 Books
    LAW JRU Library JRU Library SHELF-30-B 02/06/2020 PURCHASE 545.00 340.1 MAH 24212 Books
    LAW JRU Library JRU Library SHELF-30-B 02/06/2020 PURCHASE 545.00 340.1 MAH 24213 Books
    Reference JRU Library JRU Library SHELF-30-B 02/06/2020 PURCHASE 545.00 340.1 MAH 24214 Books
    LAW JRU Library JRU Library SHELF-30-B 02/06/2020 PURCHASE 545.00 340.1 MAH 24215 Books